Epistolario de Rufino José Cuervo y Hugo Schuchardt / (Registro nro. 5019)

000 -CABECERA
campo de control de longitud fija 00869nam a2200241 u 4500
001 - NÚMERO DE CONTROL
campo de control 000055457
005 - FECHA Y HORA DE LA ÚLTIMA TRANSACCIÓN
campo de control 20200120223111.0
008 - DATOS DE LONGITUD FIJA--INFORMACIÓN GENERAL
campo de control de longitud fija 130605s1968 ck gr 000 0 spa d
041 ## - CÓDIGO DE LENGUA
Código de lengua del texto/banda sonora o título independiente /spa
043 ## - CÓDIGO DE ÁREA GEOGRÁFICA
Código de área geográfica s-ck---
082 04 - NÚMERO DE LA CLASIFICACIÓN DECIMAL DEWEY
Número de clasificación 866.5
Número de documento/Ítem C82e 1968
Número de edición 21
100 1# - ENTRADA PRINCIPAL--NOMBRE DE PERSONA
Nombre de persona Cuervo, Rufino José,
Fechas asociadas al nombre 1844-1911
245 10 - MENCIÓN DE TÍTULO
Título Epistolario de Rufino José Cuervo y Hugo Schuchardt /
Mención de responsabilidad, etc. edición, introducción y notas de Dieter Bross.
260 ## - PUBLICACIÓN, DISTRIBUCIÓN, ETC.
Lugar de publicación, distribución, etc. Bogotá :
Nombre del editor, distribuidor, etc. Instituto Caro y Cuervo,
Fecha de publicación, distribución, etc. 1968.
300 ## - DESCRIPCIÓN FÍSICA
Extensión 454 p. :
Otras características físicas il., facsíms.
490 0# - MENCIÓN DE SERIE
Mención de serie Archivo epistolar colombiano ;
Designación de volumen o secuencia 2
500 ## - NOTA GENERAL
Nota general Incluye notas al pie del texto.
600 17 - PUNTO DE ACCESO ADICIONAL DE MATERIA--NOMBRE DE PERSONA
Nombre de persona Cuervo, Rufino José,
Fechas asociadas al nombre 1844-1911
Subdivisión general Correspondencia, memorias, etc..
650 14 - PUNTO DE ACCESO ADICIONAL DE MATERIA--TÉRMINO DE MATERIA
Término de materia o nombre geográfico como elemento de entrada Cartas colombianas.
Subdivisión de forma Colecciones
650 24 - PUNTO DE ACCESO ADICIONAL DE MATERIA--TÉRMINO DE MATERIA
Término de materia o nombre geográfico como elemento de entrada Cartas alemanas
Subdivisión de forma Colecciones
700 1# - PUNTO DE ACCESO ADICIONAL--NOMBRE DE PERSONA
Nombre de persona Schuchard, Hugo,
Fechas asociadas al nombre 1842-1927.
700 1# - PUNTO DE ACCESO ADICIONAL--NOMBRE DE PERSONA
Nombre de persona Bross, Dieter,
Término indicativo de función/relación editor.
Existencias
Estado de retiro Estado de pérdida Fuente del sistema de clasificación o colocación Estado dañado No para préstamo Código de colección Localización permanente Ubicación/localización actual Fecha de adquisición Número de inventario Total de préstamos Signatura topográfica completa Código de barras Fecha visto por última vez Número de copia Precio válido a partir de Tipo de ítem Koha Nota pública
          Colección General Biblioteca Pública San Juan Bosco Biblioteca Pública San Juan Bosco 20/01/2020 107894   866.5 C82e 1968 MOS004635 20/01/2020 ej.1 20/01/2020 Libro Ocho días
          Colección General Biblioteca Pública San Juan Bosco Biblioteca Pública San Juan Bosco 20/01/2020 107895   866.5 C82e 1968 MOS004636 20/01/2020 ej.2 20/01/2020 Libro Ocho días

© Todos los derechos reservados para la Biblioteca Pública Municipal San Juan Bosco, 2020
Secretaria de Cultura de Mosquera
Carrera 3 N° 10 Esquina Centro Cultural Barrio El Carmén Teléfono: 8270830 Ext: 34
Funcionando con KOHA
Contacto: Biblioteca Pública Municipal San Juan Bosco/ bibliotecasanjuanbosco@mosquera-cundinamarca.gov.co
Mosquera, Cundinamarca